| 000 | 00546nam a2200169 4500 | ||
|---|---|---|---|
| 001 | 131492 | ||
| 003 | ES-MaACL | ||
| 005 | 20230906194007.0 | ||
| 007 | t| | ||
| 008 | 070214s1968 sp r ||||1| spa d | ||
| 100 | 1 |
_aRodríguez Doreste, Juan. _998498 |
|
| 245 | 1 | 0 |
_aRaíz y estilo del alma canaria _b: (ensayo de entendimiento) / _cJuan Rodríguez Doreste. |
| 260 |
_aLas Palmas de Gran Canaria : _bMuseo Canario, _c1968. |
||
| 300 |
_a53 p., 2 lám. ; _c23 cm. |
||
| 710 | 0 | 0 |
_aEl Museo Canario. _93455 |
| 852 |
_aES-MaACL _jC-46775 _bR.66837 |
||
| 999 |
_c131492 _d131492 |
||